000 00497nam a2200181Ia 4500
005 20250326125557.0
008 250326s9999 xx 000 0 und d
037 _aTextbook
040 _aFMSL
_beng
_cFMSL
041 _aeng
_2eng
084 _aX:51 L23.1
_qFMSL
100 _aWatts R
_9739289
245 0 _aBusinessman's guide to marketing
_cWatts R
260 _aLondon
_bLondon, Business Books
_c1972
300 _a106p
942 _cTB
_hX:51 L23.1
999 _c1278646
_d1278646